[Event "EU-chT Seniors 50"]
[Site "Terme Catez"]
[Date "2024.05.10"]
[Round "4.2"]
[White "Denk, Adolf"]
[Black "Jeraj, Zlatko"]
[Result "1/2-1/2"]
[WhiteElo "2186"]
[BlackElo "1978"]
[PlyCount "156"]
[EventDate "2024.05.07"]
[EventType "team-swiss"]
[EventRounds "9"]
[EventCountry "SLO"]
[SourceTitle "CB20_2024"]
[SourceDate "2024.05.16"]
[SourceVersion "1"]
[SourceVersionDate "2024.05.16"]
[SourceQuality "1"]
[WhiteTeam "Austria 50"]
[BlackTeam "Slovenia Kralj 50"]
[WhiteTeamCountry "AUT"]
[BlackTeamCountry "SLO"]

1. d4 d5 2. Nf3 Nf6 3. c4 c6 4. Nc3 e6 5. Bg5 Be7 6. e3 Nbd7 7. cxd5 exd5 8. Bd3 h6 9. Bxf6 Nxf6 10. Ne5 Bd6 11. f4 Qe7 12. Qd2 Bd7 13. a3 0-0-0 14. 0-0-0 Kb8 15. Kb1 Rhg8 16. Rhe1 Bxe5 17. fxe5 Ne4 18. Nxe4 dxe4 19. Bc4 Rgf8 20. Qb4 Qxb4 21. axb4 Bg4 22. Rc1 f6 23. exf6 Rxf6 24. Rf1 Rdf8 25. Rxf6 Rxf6 26. Rf1 Rxf1+ 27. Bxf1 Kc7 28. Kc2 Kd6 29. Kc3 b6 30. Bc4 Be6 31. b5 Bd7 32. Kb4 Be8 33. bxc6 Bxc6 34. Ba6 Kd5 35. Kc3 Kd6 36. Kc4 Bd5+ 37. Kb4 Bc6 38. Ka3 Kc7 39. Bc4 Kd6 40. Kb3 Bb7 41. Bf7 Ba6 42. Kc3 Bb7 43. b4 Ba6 44. Be8 Bf1 45. g3 Ba6 46. b5 Bb7 47. Bf7 Bc8 48. Kb4 Bf5 49. Kc4 Bh3 50. Kc3 Bd7 51. Bc4 Be8 52. Be2 Bd7 53. Kb4 Be6 54. Bh5 Kd5 55. Bg6 Bg8 56. Bf5 Bf7 57. Bc8 Kd6 58. Bb7 Bg6 59. g4 Kc7 60. Bd5 Kd6 61. Ba8 Bh7 62. h4 g5 63. h5 Ke6 64. Bb7 Kd6 65. Kc4 Bg8+ 66. Kc3 Be6 67. Bxe4 Bxg4 68. Bg6 Be2 69. e4 Bxb5 70. Bf5 a5 71. e5+ Kd5 72. Bg4 Ke4 73. Bc8 Kd5 74. Bg4 Be8 75. Bf3+ Ke6 76. Bg4+ Kd5 77. Bf3+ Ke6 78. Bg4+ Kd5 1/2-1/2

[Event "SLO-chT2 West"]
[Site "Komenda"]
[Date "2021.12.04"]
[Round "5.1"]
[White "Jeraj, Zlatko"]
[Black "Luzar, Emil"]
[Result "1-0"]
[WhiteElo "1994"]
[BlackElo "2128"]
[PlyCount "72"]
[EventDate "2021.11.27"]
[EventType "team-tourn"]
[EventRounds "7"]
[EventCountry "SLO"]
[SourceTitle "EXT 2024"]
[Source "ChessBase"]
[SourceDate "2023.10.10"]
[SourceVersion "1"]
[SourceVersionDate "2023.10.10"]
[SourceQuality "1"]
[WhiteTeam "Jesenice Acroni"]
[BlackTeam "Dolenjske Toplice"]
[WhiteTeamCountry "SLO"]
[BlackTeamCountry "SLO"]

1. d4 Nf6 2. Nf3 d6 3. c4 g6 4. Nc3 Bg7 5. e4 0-0 6. Be2 e5 7. 0-0 exd4 8. Nxd4 Re8 9. Bf3 Nbd7 10. Bg5 h6 11. Bh4 g5 12. Bg3 Nc5 13. Nf5 Bxf5 14. exf5 Qd7 15. Qc2 g4 16. Be2 h5 17. f3 a5 18. fxg4 Rxe2 19. Qxe2 Re8 20. Qd2 Nxg4 21. Qg5 Nf6 22. Nd5 Nfe4 23. Qxh5 Nxg3 24. hxg3 Bd4+ 25. Kh1 Ne4 26. Kh2 f6 27. Rae1 c6 28. Rf4 cxd5 29. Rg4+ Kf8 30. Qh6+ Ke7 31. Rg7+ Kd8 32. Rxd7+ Kxd7 33. cxd5 Bf2 34. Rc1 Re7 35. Qh8 Bc5 36. g4 Ng5 1-0

[Event "SLO-chT2 West"]
[Site "Komenda"]
[Date "2019.11.30"]
[Round "6.2"]
[White "Zaloznik, Vesna"]
[Black "Jeraj, Zlatko"]
[Result "0-1"]
[WhiteElo "1586"]
[BlackElo "2032"]
[PlyCount "62"]
[EventDate "2019.11.15"]
[EventType "team-tourn"]
[EventRounds "9"]
[EventCountry "SLO"]
[SourceTitle "EXT 2024"]
[Source "ChessBase"]
[SourceDate "2023.10.10"]
[SourceVersion "1"]
[SourceVersionDate "2023.10.10"]
[SourceQuality "1"]
[WhiteTeam "Komenda SK"]
[BlackTeam "Jesenice Acroni"]
[WhiteTeamCountry "SLO"]
[BlackTeamCountry "SLO"]

1. e4 e5 2. Nf3 Nc6 3. Bc4 Be7 4. Nc3 Nf6 5. d3 d6 6. h3 0-0 7. Be3 Na5 8. Bb3 c6 9. 0-0 Qc7 10. Nh2 Nxb3 11. axb3 Be6 12. f4 b5 13. f5 Bc8 14. Ng4 Kh8 15. Qf3 a6 16. Qg3 Bb7 17. d4 Rae8 18. dxe5 dxe5 19. Nxf6 Bxf6 20. Bc5 Rg8 21. Qe3 Be7 22. Bb6 Bg5 23. Qxg5 Qxb6+ 24. Kh2 f6 25. Qg3 Qc5 26. Rad1 Rd8 27. Rd3 Rd4 28. Rfd1 Rgd8 29. Qe3 Qe7 30. Rxd4 exd4 31. Rxd4 Qe5+ 0-1

[Event "SLO-chT2 West"]
[Site "Komenda"]
[Date "2019.11.16"]
[Round "3.2"]
[White "Pretnar, Bostjan"]
[Black "Jeraj, Zlatko"]
[Result "1/2-1/2"]
[WhiteElo "1768"]
[BlackElo "2032"]
[PlyCount "61"]
[EventDate "2019.11.15"]
[EventType "team-tourn"]
[EventRounds "9"]
[EventCountry "SLO"]
[SourceTitle "EXT 2024"]
[Source "ChessBase"]
[SourceDate "2023.10.10"]
[SourceVersion "1"]
[SourceVersionDate "2023.10.10"]
[SourceQuality "1"]
[WhiteTeam "Radovljica"]
[BlackTeam "Jesenice Acroni"]
[WhiteTeamCountry "SLO"]
[BlackTeamCountry "SLO"]

1. d4 d5 2. Bf4 Nf6 3. e3 c5 4. Nd2 Nc6 5. c3 a6 6. Bd3 e6 7. h3 h6 8. Ngf3 Bd6 9. dxc5 Bxc5 10. e4 Qb6 11. 0-0 dxe4 12. Bxe4 0-0 13. Nc4 Qd8 14. Bc2 Qxd1 15. Raxd1 Nd5 16. Bd6 Bxd6 17. Nxd6 Rd8 18. Nxc8 Raxc8 19. Rd2 Nde7 20. Rfd1 Rxd2 21. Rxd2 Rd8 22. Kf1 Rxd2 23. Nxd2 Kf8 24. Ke2 Ke8 25. Nc4 Nc8 26. Be4 Nd8 27. Na5 Nd6 28. Bd3 Kd7 29. Ke3 Kc7 30. Nb3 Nc6 31. Nd2 1/2-1/2

[Event "SLO-chT1 West"]
[Site "Slovenia"]
[Date "2018.10.26"]
[Round "7.2"]
[White "Jeraj, Zlatko"]
[Black "Mestek, Igor"]
[Result "0-1"]
[WhiteElo "2037"]
[BlackElo "2108"]
[PlyCount "64"]
[EventDate "2018.09.28"]
[EventType "team-tourn"]
[EventRounds "9"]
[EventCountry "SLO"]
[SourceTitle "CBM 187 Extra"]
[Source "ChessBase"]
[SourceDate "2018.11.04"]
[SourceVersion "1"]
[SourceVersionDate "2018.11.04"]
[SourceQuality "1"]
[WhiteTeam "Jeenice Sij Acroni"]
[BlackTeam "Kocevje"]
[WhiteTeamCountry "SLO"]
[BlackTeamCountry "SLO"]

1. d4 d5 2. Nf3 Nf6 3. c4 dxc4 4. Nc3 a6 5. e4 b5 6. Ne5 Bb7 7. a4 Nxe4 8. Nxf7 Kxf7 9. Qf3+ Ke8 10. Nxe4 Qd5 11. Ng5 Qxf3 12. gxf3 Nc6 13. Ne6 Nb4 14. Kd2 Bxf3 15. Rg1 g6 16. axb5 Bh6+ 17. Ng5 axb5 18. Rxa8+ Bxa8 19. b3 Rf8 20. bxc4 Rxf2+ 21. Ke1 Rxh2 22. Bf4 Nc2+ 23. Kd1 Rh4 24. Bxc7 Ne3+ 25. Ke2 Nxf1 26. Kxf1 Rxd4 27. Ke2 Rxc4 28. Ba5 Rc2+ 29. Bd2 b4 30. Kd3 b3 31. Bc3 Bxg5 32. Rxg5 Be4+ 0-1

[Event "SLO-chT1 West"]
[Site "Slovenia"]
[Date "2018.09.30"]
[Round "3.3"]
[White "Furlan, Miha"]
[Black "Jeraj, Zlatko"]
[Result "1-0"]
[WhiteElo "2300"]
[BlackElo "2037"]
[PlyCount "57"]
[EventDate "2018.09.28"]
[EventType "team-tourn"]
[EventRounds "9"]
[EventCountry "SLO"]
[SourceTitle "CBM 187 Extra"]
[Source "ChessBase"]
[SourceDate "2018.11.04"]
[SourceVersion "1"]
[SourceVersionDate "2018.11.04"]
[SourceQuality "1"]
[WhiteTeam "Trebnje BMP"]
[BlackTeam "Jeenice Sij Acroni"]
[WhiteTeamCountry "SLO"]
[BlackTeamCountry "SLO"]

1. e4 g6 2. d4 Bg7 3. Nc3 d6 4. Be3 Nf6 5. h3 0-0 6. f4 c6 7. Nf3 b5 8. e5 Nd5 9. Nxd5 cxd5 10. Qd2 a6 11. Bd3 Nc6 12. 0-0 e6 13. c3 Rb8 14. b4 f6 15. exf6 Bxf6 16. a4 Rf7 17. axb5 axb5 18. Qe2 Rfb7 19. Bf2 Qc7 20. Ra3 Bd7 21. Bg3 Nd8 22. Nh2 Nf7 23. h4 Kg7 24. h5 Rh8 25. hxg6 hxg6 26. Qc2 g5 27. Qf2 Qd8 28. fxg5 Nxg5 29. Bxd6 1-0

[Event "SLO-chT1 West"]
[Site "Slovenia"]
[Date "2018.09.29"]
[Round "2.2"]
[White "Debevec, Blaz"]
[Black "Jeraj, Zlatko"]
[Result "0-1"]
[WhiteElo "2188"]
[BlackElo "2037"]
[PlyCount "120"]
[EventDate "2018.09.28"]
[EventType "team-tourn"]
[EventRounds "9"]
[EventCountry "SLO"]
[SourceTitle "CBM 187 Extra"]
[Source "ChessBase"]
[SourceDate "2018.11.04"]
[SourceVersion "1"]
[SourceVersionDate "2018.11.04"]
[SourceQuality "1"]
[WhiteTeam "Komenda"]
[BlackTeam "Jeenice Sij Acroni"]
[WhiteTeamCountry "SLO"]
[BlackTeamCountry "SLO"]

1. d4 d5 2. c4 c6 3. Nf3 Nf6 4. e3 Bf5 5. Nc3 e6 6. Nh4 Bg4 7. Qb3 Qb6 8. c5 Qc7 9. h3 Bh5 10. g4 Bg6 11. Nxg6 hxg6 12. g5 Nh7 13. e4 Be7 14. exd5 exd5 15. f4 Nf8 16. h4 Ne6 17. Ne2 Nd7 18. Be3 b6 19. cxb6 axb6 20. Kf2 Bd6 21. Kf3 Qb7 22. Bh3 Ke7 23. f5 gxf5 24. Bxf5 g6 25. Bg4 f5 26. gxf6+ Nxf6 27. Bxe6 Kxe6 28. Kg2 Ne4 29. Bg5 Raf8 30. Raf1 Rf5 31. Rxf5 gxf5 32. Qd3 Qg7 33. Kf1 Kd7 34. Rg1 Qf7 35. Qf3 Rh5 36. Ke1 Rh7 37. a3 Rg7 38. Be3 Rxg1+ 39. Bxg1 Qh7 40. Kd1 Qg6 41. Be3 Qg4 42. Qf1 Ng3 43. Qf2 f4 44. Bd2 Nxe2 45. Qxe2 f3 46. Qf2 Bg3 47. Qf1 f2+ 48. Kc2 Bxh4 49. Be3 Qf3 50. Kd2 Kc7 51. b4 b5 52. a4 bxa4 53. b5 cxb5 54. Qc1+ Kd7 55. Qf1 Ke6 56. Bh6 a3 57. Qxb5 f1Q 58. Qc6+ Kf5 59. Qd7+ Kg6 60. Qe7 Q3d3# 0-1

[Event "SLO-chT2 West"]
[Site "Komenda"]
[Date "2017.11.12"]
[Round "3.2"]
[White "Leben, Dusan"]
[Black "Jeraj, Zlatko"]
[Result "0-1"]
[WhiteElo "1858"]
[BlackElo "2027"]
[PlyCount "70"]
[EventDate "2017.11.11"]
[EventType "team-tourn"]
[EventRounds "7"]
[EventCountry "SLO"]
[SourceTitle "EXT 2019"]
[Source "ChessBase"]
[SourceDate "2018.10.10"]
[SourceVersion "1"]
[SourceVersionDate "2018.10.10"]
[SourceQuality "1"]
[WhiteTeam "Trzin"]
[BlackTeam "Jesenice"]
[WhiteTeamCountry "SLO"]
[BlackTeamCountry "SLO"]

1. e4 e5 2. Nf3 Nc6 3. Bb5 a6 4. Bxc6 dxc6 5. 0-0 Bg4 6. h3 Bxf3 7. Qxf3 Ne7 8. Qb3 b6 9. d3 Ng6 10. Be3 Bd6 11. Qc3 Qd7 12. Nd2 b5 13. Nf3 0-0 14. Rad1 Rae8 15. b3 a5 16. a4 Bb4 17. Qa1 bxa4 18. Qxa4 f5 19. exf5 Rxf5 20. Ng5 h6 21. Ne4 Nf4 22. Kh2 Rh5 23. Bxf4 exf4 24. f3 Re6 25. c3 Bf8 26. Qc4 Kh7 27. Rd2 Rg6 28. Rff2 Be7 29. Rfe2 Rxg2+ 30. Rxg2 Qxh3+ 31. Kg1 Qh1+ 32. Kf2 Bh4+ 33. Ng3 Bxg3+ 34. Rxg3 Rh2+ 35. Rg2 Rxg2# 0-1

[Event "SLO-chT2 West"]
[Site "Komenda"]
[Date "2016.11.27"]
[Round "9.3"]
[White "Muhic, Jure"]
[Black "Jeraj, Zlatko"]
[Result "1/2-1/2"]
[WhiteElo "1870"]
[BlackElo "2062"]
[PlyCount "80"]
[EventDate "2016.11.11"]
[EventType "team-tourn"]
[EventRounds "9"]
[EventCountry "SLO"]
[SourceTitle "EXT 2019"]
[Source "ChessBase"]
[SourceDate "2018.10.10"]
[SourceVersion "1"]
[SourceVersionDate "2018.10.10"]
[SourceQuality "1"]
[WhiteTeam "Dolenjske Toplice"]
[BlackTeam "Jesenice"]
[WhiteTeamCountry "SLO"]
[BlackTeamCountry "SLO"]

1. Nf3 d5 2. g3 Nf6 3. Bg2 c5 4. 0-0 Nc6 5. d4 cxd4 6. Nxd4 e5 7. Nxc6 bxc6 8. c4 Be7 9. Nc3 e4 10. cxd5 cxd5 11. Qa4+ Bd7 12. Qd4 Qb6 13. Qxb6 axb6 14. Rd1 Bc6 15. Be3 Bc5 16. Bd4 Bxd4 17. Rxd4 0-0 18. Rad1 g6 19. f3 exf3 20. Bxf3 Rfe8 21. a3 Re5 22. Nxd5 Nxd5 23. Bxd5 Bxd5 24. Rxd5 Rxe2 25. R5d2 Rae8 26. Kf1 R2e6 27. Rd8 Rxd8 28. Rxd8+ Kg7 29. Rd5 Kf6 30. Kf2 Ke7 31. Kf3 f6 32. a4 f5 33. b4 Rc6 34. h4 Rc3+ 35. Kg2 Rc2+ 36. Kh3 Rc6 37. a5 bxa5 38. bxa5 Rc3 39. Kg2 Ra3 40. Rb5 Kf8 1/2-1/2

[Event "SLO-chT2 West"]
[Site "Komenda"]
[Date "2016.11.26"]
[Round "7.2"]
[White "Jeraj, Zlatko"]
[Black "Slejko, Vladimir"]
[Result "1-0"]
[WhiteElo "2062"]
[BlackElo "1925"]
[PlyCount "115"]
[EventDate "2016.11.11"]
[EventType "team-tourn"]
[EventRounds "9"]
[EventCountry "SLO"]
[SourceTitle "EXT 2019"]
[Source "ChessBase"]
[SourceDate "2018.10.10"]
[SourceVersion "1"]
[SourceVersionDate "2018.10.10"]
[SourceQuality "1"]
[WhiteTeam "Jesenice"]
[BlackTeam "Postojna"]
[WhiteTeamCountry "SLO"]
[BlackTeamCountry "SLO"]

1. d4 b6 2. Nd2 Bb7 3. Ngf3 d6 4. e4 h6 5. Bd3 e6 6. 0-0 Nd7 7. Re1 g5 8. h3 h5 9. Nh2 Bg7 10. c3 Ngf6 11. Ndf1 g4 12. hxg4 hxg4 13. Nxg4 Nh5 14. Re3 Nf4 15. Rg3 Nxd3 16. Qxd3 Qe7 17. a4 a5 18. b4 Ba6 19. b5 Bb7 20. Ngh2 f6 21. e5 0-0-0 22. exd6 cxd6 23. Ba3 Rdg8 24. Re1 Kb8 25. Ne3 Bf8 26. Nc4 Qf7 27. Rxg8 Rxg8 28. f3 Kc7 29. Nd2 f5 30. Qc4+ Kb8 31. Qxe6 Qxe6 32. Rxe6 Kc7 33. Kf2 Bd5 34. Re2 Bh6 35. Nhf1 Rf8 36. Ne3 Bg8 37. Nec4 Rf6 38. g3 Bd5 39. Ne3 Bb7 40. Bb2 f4 41. Ng4 fxg3+ 42. Kg2 Rg6 43. Nxh6 Rxh6 44. Kxg3 Nf6 45. Re7+ Kc8 46. c4 Rg6+ 47. Kf2 Nh5 48. Rf7 Ng3 49. d5 Nh1+ 50. Ke3 Rg1 51. Ne4 Rg6 52. Ba3 Ng3 53. Nxd6+ Kb8 54. Rxb7+ Ka8 55. Rxb6 Nf5+ 56. Kd3 Rg3 57. Nxf5 Rxf3+ 58. Ne3 1-0

[Event "SLO-chT2 West"]
[Site "Komenda"]
[Date "2016.11.26"]
[Round "6.2"]
[White "Marn, Jan"]
[Black "Jeraj, Zlatko"]
[Result "1-0"]
[WhiteElo "1934"]
[BlackElo "2062"]
[PlyCount "57"]
[EventDate "2016.11.11"]
[EventType "team-tourn"]
[EventRounds "9"]
[EventCountry "SLO"]
[SourceTitle "EXT 2019"]
[Source "ChessBase"]
[SourceDate "2018.10.10"]
[SourceVersion "1"]
[SourceVersionDate "2018.10.10"]
[SourceQuality "1"]
[WhiteTeam "Komenda II"]
[BlackTeam "Jesenice"]
[WhiteTeamCountry "SLO"]
[BlackTeamCountry "SLO"]

1. d4 Nf6 2. c4 c5 3. d5 d6 4. Nc3 e5 5. e4 Be7 6. Bd3 0-0 7. Nge2 Na6 8. 0-0 Nc7 9. f4 a6 10. a4 b6 11. h3 Bd7 12. Bc2 Nfe8 13. Ng3 g6 14. fxe5 Bh4 15. Bh6 Ng7 16. exd6 Bxg3 17. dxc7 Qxc7 18. Qf3 f5 19. exf5 Bxf5 20. Bxf5 Rxf5 21. Qd3 Rxf1+ 22. Rxf1 Nf5 23. Ne4 Be5 24. Bg5 Bd4+ 25. Kh1 Re8 26. Bf4 Qg7 27. d6 Qf7 28. a5 Ng7 29. d7 1-0

[Event "SLO-chT2 West"]
[Site "Komenda"]
[Date "2016.11.13"]
[Round "4.4"]
[White "Urh, Zala"]
[Black "Jeraj, Zlatko"]
[Result "0-1"]
[WhiteElo "2036"]
[BlackElo "2062"]
[PlyCount "82"]
[EventDate "2016.11.11"]
[EventType "team-tourn"]
[EventRounds "9"]
[EventCountry "SLO"]
[SourceTitle "EXT 2019"]
[Source "ChessBase"]
[SourceDate "2018.10.10"]
[SourceVersion "1"]
[SourceVersionDate "2018.10.10"]
[SourceQuality "1"]
[WhiteTeam "Kranj Stari Mayr"]
[BlackTeam "Jesenice"]
[WhiteTeamCountry "SLO"]
[BlackTeamCountry "SLO"]

1. d4 d5 2. Nf3 Nf6 3. c4 e6 4. Nc3 c6 5. Bg5 Nbd7 6. e3 Qa5 7. Nd2 Bb4 8. Qc2 dxc4 9. Bxf6 Nxf6 10. Nxc4 Qd8 11. Bd3 0-0 12. 0-0 h6 13. a3 Be7 14. b4 b6 15. Ne4 Bb7 16. Ne5 Rc8 17. Qa4 c5 18. Nxf6+ Bxf6 19. Nd7 Bc6 20. Nxf6+ Qxf6 21. Qxa7 cxd4 22. Qxb6 dxe3 23. Qxe3 Rfd8 24. Be4 Bxe4 25. Qxe4 Rd4 26. Qb7 Rdc4 27. b5 R8c7 28. Qb6 Qxa1 29. Qb8+ Kh7 30. Qxc7 Qxf1+ 31. Kxf1 Rxc7 32. Ke2 Rc3 33. a4 Ra3 34. Kd2 Rxa4 35. Kc3 Kg6 36. Kb3 Ra1 37. Kc4 Ra2 38. b6 Rxf2 39. Kc5 Rxg2 40. b7 Rb2 41. b8Q Rxb8 0-1

[Event "SLO-chT2 West"]
[Site "Komenda"]
[Date "2016.11.12"]
[Round "2.3"]
[White "Jeraj, Zlatko"]
[Black "Mlacnik, Janez"]
[Result "1/2-1/2"]
[WhiteElo "2062"]
[BlackElo "1874"]
[PlyCount "82"]
[EventDate "2016.11.11"]
[EventType "team-tourn"]
[EventRounds "9"]
[EventCountry "SLO"]
[SourceTitle "EXT 2019"]
[Source "ChessBase"]
[SourceDate "2018.10.10"]
[SourceVersion "1"]
[SourceVersionDate "2018.10.10"]
[SourceQuality "1"]
[WhiteTeam "Jesenice"]
[BlackTeam "Ljubljana Karel Jeraj"]
[WhiteTeamCountry "SLO"]
[BlackTeamCountry "SLO"]

1. d4 d5 2. Nf3 e6 3. c4 c6 4. Nc3 f5 5. cxd5 exd5 6. e3 Nf6 7. Bd3 Bd6 8. 0-0 0-0 9. Qc2 Ne4 10. Ne2 Qe7 11. Ng3 Nd7 12. b3 Ndf6 13. Bb2 Ng4 14. Rae1 Bd7 15. Nh1 Rae8 16. h3 Nh6 17. Ne5 Bc8 18. f3 Ng5 19. Nf2 Ngf7 20. f4 g6 21. Qe2 Bb4 22. Ra1 Nd6 23. a3 Ba5 24. b4 Bc7 25. a4 Ne4 26. Rfd1 Nf7 27. b5 cxb5 28. axb5 Bb6 29. Ba3 Nfd6 30. Rac1 Be6 31. Bb4 Rc8 32. Qb2 Rc7 33. Rxc7 Qxc7 34. Qa3 Rc8 35. Qa1 Nxf2 36. Kxf2 Ne4+ 37. Kg1 Kg7 38. Qa3 Qd8 39. Be7 Qc7 40. Bb4 Qd8 41. Be7 Qc7 1/2-1/2

[Event "SLO-chT2 West"]
[Site "Komenda"]
[Date "2016.11.12"]
[Round "3.3"]
[White "Trivuncevic, Bosko"]
[Black "Jeraj, Zlatko"]
[Result "1/2-1/2"]
[WhiteElo "1950"]
[BlackElo "2062"]
[PlyCount "65"]
[EventDate "2016.11.11"]
[EventType "team-tourn"]
[EventRounds "9"]
[EventCountry "SLO"]
[SourceTitle "EXT 2019"]
[Source "ChessBase"]
[SourceDate "2018.10.10"]
[SourceVersion "1"]
[SourceVersionDate "2018.10.10"]
[SourceQuality "1"]
[WhiteTeam "Loska Dolina"]
[BlackTeam "Jesenice"]
[WhiteTeamCountry "SLO"]
[BlackTeamCountry "SLO"]

1. d4 e6 2. c4 Nf6 3. Nc3 b6 4. e4 Bb7 5. e5 Ne4 6. Nxe4 Bxe4 7. Nf3 Bb4+ 8. Bd2 Bxd2+ 9. Nxd2 Bb7 10. Nf3 d6 11. Be2 Nd7 12. 0-0 dxe5 13. Nxe5 Nxe5 14. dxe5 0-0 15. Qxd8 Rfxd8 16. Rad1 Kf8 17. f3 Ke7 18. Kf2 c5 19. Ke3 f6 20. exf6+ gxf6 21. Rxd8 Rxd8 22. Rd1 Rxd1 23. Bxd1 h6 24. g3 Ba6 25. Be2 Bc8 26. Bd3 Kd6 27. g4 Bd7 28. b3 Be8 29. h4 Bd7 30. f4 Be8 31. a4 Bf7 32. Be4 Be8 33. Bd3 1/2-1/2

[Event "SLO-ch 23rd"]
[Site "Sentjur"]
[Date "2013.04.10"]
[Round "5"]
[White "Jeraj, Zlatko"]
[Black "Kokol, Peter"]
[Result "0-1"]
[WhiteElo "2073"]
[BlackElo "2293"]
[PlyCount "64"]
[EventDate "2013.04.06"]
[EventType "swiss"]
[EventRounds "9"]
[EventCountry "SLO"]
[SourceTitle "CBM 153 Extra"]
[Source "ChessBase"]
[SourceDate "2013.04.22"]
[SourceVersion "1"]
[SourceVersionDate "2013.04.22"]
[SourceQuality "1"]

1. d4 Nf6 2. c4 g6 3. Nc3 d5 4. Nf3 Bg7 5. g3 0-0 6. cxd5 Nxd5 7. Bg2 c5 8. 0-0 Nxc3 9. bxc3 Nc6 10. Be3 Be6 11. Qd2 Qa5 12. Rfd1 Rfd8 13. Qb2 Rd7 14. Bd2 Qa6 15. e3 Na5 16. Qa3 Bd5 17. Qxc5 Nc4 18. Be1 e6 19. a4 b6 20. Qb5 Qb7 21. Nh4 Bxg2 22. Nxg2 Rc8 23. Nf4 a6 24. Qb1 Rcd8 25. Qa2 Ne5 26. Ng2 Nf3+ 27. Kh1 Rd5 28. Qe2 Rh5 29. h4 Qe4 30. Qd3 Qg4 31. Nf4 Rxh4+ 32. gxh4 Qg1# 0-1

[Event "SLO-chT2 West"]
[Site "Ljubljana"]
[Date "2012.10.20"]
[Round "2.2"]
[White "Kobold, Andrej"]
[Black "Jeraj, Zlatko"]
[Result "1/2-1/2"]
[WhiteElo "1890"]
[BlackElo "2070"]
[PlyCount "121"]
[EventDate "2012.10.19"]
[EventType "team-tourn"]
[EventRounds "9"]
[EventCountry "SLO"]
[SourceTitle "EXT 2022"]
[Source "ChessBase"]
[SourceDate "2021.10.06"]
[SourceVersion "1"]
[SourceVersionDate "2021.10.06"]
[SourceQuality "1"]
[WhiteTeam "Komenda SK II"]
[BlackTeam "Jesenice"]
[WhiteTeamCountry "SLO"]
[BlackTeamCountry "SLO"]

1. e4 e5 2. Nf3 Nc6 3. Bc4 Be7 4. d4 d6 5. dxe5 dxe5 6. Qxd8+ Bxd8 7. Nc3 Nge7 8. Be3 0-0 9. Bc5 Bg4 10. 0-0-0 b6 11. Bxe7 Nxe7 12. Rd3 Ng6 13. Ne2 c6 14. Rhd1 b5 15. Bb3 Bb6 16. h3 Bxf3 17. Rxf3 Rad8 18. Rxd8 Bxd8 19. g3 Ne7 20. Nc3 a5 21. a4 b4 22. Nd1 Bb6 23. Ne3 Bxe3+ 24. Rxe3 g6 25. Rd3 Ra8 26. Rf3 Rf8 27. Kd2 Kg7 28. c3 bxc3+ 29. Kxc3 f5 30. exf5 gxf5 31. Rd3 f4 32. Rd7 Kf6 33. g4 h6 34. Rd6+ Kg7 35. Re6 Ng6 36. Rxc6 e4 37. Bc2 Re8 38. Rc4 e3 39. fxe3 f3 40. Rc7+ Ne7 41. Kd2 Kf6 42. Rc5 Ke6 43. Ke1 Kd6 44. Rc4 Nd5 45. e4 Ne3 46. Rc3 Nxc2+ 47. Rxc2 Rxe4+ 48. Kf2 Rxa4 49. Kxf3 Rb4 50. h4 a4 51. Rg2 Ke6 52. Ke3 a3 53. bxa3 Rb3+ 54. Kf4 Rxa3 55. Re2+ Kf7 56. Rd2 Ra4+ 57. Kf5 Ra5+ 58. Ke4 Ra7 59. Rd5 Kf6 60. Rd6+ Kg7 61. Re6 1/2-1/2

[Event "Feffernitz Raika op 20th"]
[Site "Feffernitz"]
[Date "2011.08.21"]
[Round "2"]
[White "Reichenbacher, Gerhard"]
[Black "Jeraj, Zlatko"]
[Result "0-1"]
[WhiteElo "1846"]
[BlackElo "2109"]
[PlyCount "95"]
[EventDate "2011.08.21"]
[EventType "swiss"]
[EventRounds "9"]
[EventCountry "AUT"]
[SourceTitle "CBM 144 Extra"]
[Source "ChessBase"]
[SourceDate "2011.10.28"]
[SourceVersion "1"]
[SourceVersionDate "2011.10.28"]
[SourceQuality "1"]

1. c4 e5 2. g3 Nf6 3. Bg2 c6 4. Nf3 d6 5. Nc3 Be7 6. 0-0 0-0 7. b3 Bg4 8. h3 Bf5 9. Nh4 Be6 10. e4 d5 11. d3 Re8 12. Bb2 dxc4 13. dxc4 Nbd7 14. Nf5 Bc5 15. Qe2 g6 16. g4 Nb6 17. Rad1 Qc7 18. Nh6+ Kg7 19. Bc1 Rad8 20. Be3 Bb4 21. Rxd8 Rxd8 22. Nd1 Qd6 23. f4 Bc5 24. f5 Bc8 25. fxg6 fxg6 26. g5 Nh5 27. Nf7 Bxe3+ 28. Qxe3 Qe7 29. Nxd8 Qxd8 30. Nc3 Nf4 31. Ne2 Nxe2+ 32. Qxe2 Qxg5 33. Qf2 Qe7 34. Bf3 Bxh3 35. Bg2 Be6 36. Qg3 Nd7 37. Bh3 Bxh3 38. Qxh3 Nf6 39. Qf3 h5 40. Rd1 Ng4 41. Rd3 Qc5+ 42. Kg2 Qe7 43. Qd1 Nf6 44. Qf3 Qa3 45. Rd2 Qe7 46. Rd3 Kh7 47. Qd1 Kg7 48. Rf3 0-1

[Event "SLO-chT1 West"]
[Site "Ljubljana"]
[Date "2010.10.08"]
[Round "4.6"]
[White "Jeraj, Zlatko"]
[Black "Bajo, Igor"]
[Result "0-1"]
[WhiteElo "2099"]
[BlackElo "1929"]
[PlyCount "82"]
[EventDate "2010.09.24"]
[EventType "team-tourn"]
[EventRounds "9"]
[EventCountry "SLO"]
[SourceTitle "CBM 138 Extra"]
[Source "ChessBase"]
[SourceDate "2010.10.29"]
[SourceVersion "1"]
[SourceVersionDate "2010.10.29"]
[SourceQuality "1"]
[WhiteTeam "Jesenice"]
[BlackTeam "Kocevje"]
[WhiteTeamCountry "SLO"]
[BlackTeamCountry "SLO"]

1. d4 d5 2. Nf3 c6 3. c4 e6 4. Nc3 dxc4 5. e4 b5 6. a4 Bb4 7. axb5 cxb5 8. Bd2 Bxc3 9. Bxc3 Nf6 10. Ba5 Qe7 11. Qc2 Bb7 12. Nd2 Nc6 13. Qc3 0-0 14. f3 Qd7 15. b3 Qxd4 16. bxc4 Qxc3 17. Bxc3 b4 18. Bb2 Nd7 19. Bd3 Nc5 20. Bc2 Rfd8 21. Nb3 Nxb3 22. Bxb3 Nd4 23. Bxd4 Rxd4 24. Ke2 Kf8 25. Ke3 Rad8 26. Rhd1 Rxd1 27. Rxd1 Rxd1 28. Bxd1 e5 29. Ba4 Ke7 30. c5 Ba6 31. Kd2 Bc4 32. g3 Kd8 33. f4 f6 34. Kc2 Kc7 35. Be8 a6 36. Ba4 Be6 37. Kb2 a5 38. Bb5 Bd7 39. Bxd7 Kxd7 40. Kb3 Kc6 41. Kc4 b3 0-1